LDR 00971naa#a2200169#i#450# 001 RU\INFRA-M\bibl\122724 005 20260513153451.3 011 ## _a2587-9103 100 ## _a20260430b2026####ek#y0rusy0150####ca 102 ## _aRU 200 1# _aОбновление содержания научно-исследовательской культуры студента в контексте стратегических запросов общества и государства: теория и практика _eЖурнальная статья 210 1# _aМосква _cОбщество с ограниченной ответственностью «Научно-издательский центр ИНФРА-М» _d2026 215 ## _a7 с. 608 ## _aЖурнальная статья _2local 675 ## _aВысшее образование. Высшая школа. Подготовка научных кадров. 378 _z 700 #1 _aРоманенко _gН. М. 856 4# _anaukaru.ru _u